| 000 | 00449nam a22001817a 4500 | ||
|---|---|---|---|
| 005 | 20230121143859.0 | ||
| 008 | 190911b xxu||||| |||| 00| 0 eng d | ||
| 020 | _a978-93-81075-02-9 | ||
| 041 | _aeng | ||
| 082 |
_a615.3 _bWAL-P |
||
| 100 |
_aWALLIS , T.E. _95089 |
||
| 245 | _aPRACTICAL PHARMACOGNOSY | ||
| 250 | _a4th ed. | ||
| 260 |
_aHYDERABAD _bPHARMAMED PRESS _c2011 |
||
| 300 | _a235p, | ||
| 650 |
_aPHARMACY _xB.PHARMA _97083 |
||
| 942 | _cBK | ||
| 999 |
_c5994 _d5992 |
||